Evaluating the Feasibility of Developing National Outcomes Data Bases to Assist Patients with Making Treatment Decisions (Record no. 352029)
[ view plain ]
| 000 -LEADER | |
|---|---|
| fixed length control field | 00775nam a2200133Ia 4500 |
| 008 - FIXED-LENGTH DATA ELEMENTS--GENERAL INFORMATION | |
| fixed length control field | 171212s9999 xx 000 0 und d |
| 020 ## - INTERNATIONAL STANDARD BOOK NUMBER | |
| International Standard Book Number | 9780833034205 |
| 100 ## - MAIN ENTRY--PERSONAL NAME | |
| Personal name | Damberg, Cheryl L.;Hiatt, Liisa;Chan, Kitty S.;Shaw, Rebecca;Greenberg, Michael D. |
| 245 ## - TITLE STATEMENT | |
| Statement of responsibility, etc | Damberg, Cheryl L.;Hiatt, Liisa;Chan, Kitty S.;Shaw, Rebecca;Greenberg, Michael D. |
| Title | Evaluating the Feasibility of Developing National Outcomes Data Bases to Assist Patients with Making Treatment Decisions |
| 260 ## - PUBLICATION, DISTRIBUTION, ETC. (IMPRINT) | |
| Name of publisher, distributor, etc | RAND Corporation |
| Date of publication, distribution, etc | 2003 |
| 650 ## - SUBJECT ADDED ENTRY--TOPICAL TERM | |
| Topical term or geographic name as entry element | Health Sciences |
| 650 ## - SUBJECT ADDED ENTRY--TOPICAL TERM | |
| Topical term or geographic name as entry element | Outcome assessment (Medical care) -- Databases -- United States; Patients -- Decision making -- Databases -- United States; Patient education -- Databases -- United States |
| 856 ## - ELECTRONIC LOCATION AND ACCESS | |
| Uniform Resource Identifier | <a href="www.jstor.org/stable/10.7249/mr1708ahrq">www.jstor.org/stable/10.7249/mr1708ahrq</a> |
| Withdrawn status | Lost status | Damaged status | Home library | Current library | Date acquired | Total Checkouts | Full call number | Date last seen | Price effective from | Koha item type |
|---|---|---|---|---|---|---|---|---|---|---|
| College Library | College Library | 12/12/2017 | R853.087E95 2003 | 12/12/2017 | 12/12/2017 | Curriculum - Based eBooks |